[Event "EU-ch 22nd"]
[Site "Terme Catez"]
[Date "2022.04.06"]
[Round "11"]
[White "Zupancic, Urban"]
[Black "Patt, Zafrir"]
[Result "1-0"]
[WhiteElo "2047"]
[BlackElo "1771"]
[PlyCount "117"]
[EventDate "2022.03.27"]
[EventType "swiss"]
[EventRounds "11"]
[EventCountry "SLO"]
[SourceTitle "CBM 208"]
[Source "ChessBase"]
[SourceDate "2022.06.30"]
[SourceVersion "1"]
[SourceVersionDate "2022.06.30"]
[SourceQuality "1"]

1. d4 Nf6 2. c4 e6 3. Nf3 d5 4. g3 dxc4 5. Qa4+ Nc6 6. Bg2 Bb4+ 7. Bd2 Bxd2+ 8. Nbxd2 0-0 9. Qxc4 Re8 10. e4 Ne7 11. 0-0 c6 12. Ne5 Ng6 13. Qc3 Qe7 14. b4 Bd7 15. Ndc4 Red8 16. Rfd1 Be8 17. Na5 Rac8 18. Rac1 Rc7 19. Nac4 Nd7 20. Nd3 Nb6 21. Ne3 f6 22. Nc5 Bf7 23. a4 Nd7 24. Nd3 Rcc8 25. a5 a6 26. Nc5 Rc7 27. Nd3 Rcc8 28. e5 Nh8 29. Nc4 Bg6 30. Nd6 Rb8 31. Nc5 Nf8 32. f4 Nf7 33. Nxf7 Bxf7 34. Ne4 Bh5 35. Rd2 Ng6 36. Qc5 fxe5 37. fxe5 Qxc5 38. bxc5 Nh8 39. Bh3 Re8 40. Nd6 Re7 41. Rb2 g5 42. Rcb1 g4 43. Bg2 Bg6 44. Rxb7 Rbxb7 45. Rxb7 Rxb7 46. Nxb7 Be8 47. Nd8 Bd7 48. Nxc6 Nf7 49. Nb8 Bc8 50. Bf1 Nd8 51. Bxa6 Bxa6 52. Nxa6 Nc6 53. Nc7 Kf7 54. a6 Na7 55. Kf2 Ke7 56. Ke3 Kd7 57. Na8 Kc6 58. Nb6 Kb5 59. Nd7 1-0

[Event "EU-ch 22nd"]
[Site "Terme Catez"]
[Date "2022.04.02"]
[Round "7"]
[White "Roebers, Jan"]
[Black "Patt, Zafrir"]
[Result "1-0"]
[WhiteElo "2156"]
[BlackElo "1771"]
[PlyCount "53"]
[EventDate "2022.03.27"]
[EventType "swiss"]
[EventRounds "11"]
[EventCountry "SLO"]
[SourceTitle "CBM 208"]
[Source "ChessBase"]
[SourceDate "2022.06.30"]
[SourceVersion "1"]
[SourceVersionDate "2022.06.30"]
[SourceQuality "1"]

1. e4 c5 2. Nf3 d6 3. h3 Nf6 4. c3 Bd7 5. e5 dxe5 6. Nxe5 Nc6 7. d4 cxd4 8. cxd4 Nxe5 9. dxe5 Qa5+ 10. Nc3 Qxe5+ 11. Be2 e6 12. Be3 Bc5 13. Bxc5 Qxc5 14. 0-0 0-0 15. Ne4 Qe7 16. Nxf6+ gxf6 17. Bf3 Rab8 18. Rc1 Bb5 19. Re1 Rfd8 20. Qb3 Ba6 21. Qe3 b6 22. Qh6 Bd3 23. Be4 f5 24. Re3 f6 25. Bxd3 Qf7 26. Rg3+ Kh8 27. Rc7 1-0

[Event "EU-ch 22nd"]
[Site "Terme Catez"]
[Date "2022.03.27"]
[Round "1"]
[White "Kilgus, Georg"]
[Black "Patt, Zafrir"]
[Result "1-0"]
[WhiteElo "2415"]
[BlackElo "1771"]
[PlyCount "31"]
[EventDate "2022.03.27"]
[EventType "swiss"]
[EventRounds "11"]
[EventCountry "SLO"]
[SourceTitle "CBM 208"]
[Source "ChessBase"]
[SourceDate "2022.06.30"]
[SourceVersion "1"]
[SourceVersionDate "2022.06.30"]
[SourceQuality "1"]

1. e4 c5 2. Nf3 d6 3. Bb5+ Nd7 4. Ba4 Ngf6 5. 0-0 Nxe4 6. Re1 Nef6 7. d4 Qa5 8. c4 g6 9. Bf4 e6 10. d5 e5 11. Nxe5 Be7 12. Nxd7 Bxd7 13. Bxd6 Bxa4 14. Rxe7+ Kd8 15. Qe2 Bd7 16. Be5 1-0